| 000 | 00466nam a2200145 a 4500 | ||
|---|---|---|---|
| 001 | 1623 | ||
| 003 | CDMR | ||
| 005 | 20130116135213.0 | ||
| 008 | 130130s1990||||||||||||||||||||||||||||d | ||
| 040 |
_aCDMR _bcat _cCDMR |
||
| 100 | 1 |
_aMarín Chacón, José Antonio _91223 |
|
| 245 | 1 | 0 |
_aImágenes de la transición política en Alicante _cMARÍN CHACÓN, José Antonio |
| 260 |
_aAlicante _c1990 _bPatronato Municipal del 5º Centenario de la Ciudad de Alicante |
||
| 942 | _cMON | ||
| 999 |
_c1623 _d1623 |
||